| 000 | 01516cam a22003614a 4500 | ||
|---|---|---|---|
| 001 | 13657216 | ||
| 005 | 20170105102911.0 | ||
| 008 | 040716s2004 dcuab 001 0 eng | ||
| 010 | _a 2004016357 | ||
| 020 | _a0895260204 (acidfree paper) | ||
| 040 |
_aDLC _cDLC _dDLC |
||
| 042 | _apcc | ||
| 043 |
_an-us--- _aa-af--- _aa-iq--- |
||
| 050 | 0 | 0 |
_aDS371.412 _b.D45 2004 |
| 082 | 0 | 0 |
_a958.104/6 _222 |
| 100 | 1 |
_aDeLong, Michael, _d1945- |
|
| 245 | 1 | 0 |
_aInside CentCom : _bthe unvarnished truth about the wars in Afghanistan and Iraq / _cMichael DeLong with Noah Lukeman. |
| 260 |
_aWashington, D.C. : _bRegnery Pub., _cc2004. |
||
| 300 |
_axviii, 222 p. : _bill., maps ; _c24 cm. |
||
| 500 | _aIncludes index. | ||
| 505 | 0 | _aWelcome to CentCom -- September 11 -- The war in Afghanistan -- Building to H-hour -- Iraq -- Iraq: the aftermath. | |
| 610 | 1 | 0 |
_aUnited States. _bMiddle East Central Command. |
| 650 | 0 |
_aAfghan War, 2001- _zUnited States. |
|
| 650 | 0 | _aIraq War, 2003-2011 | |
| 650 | 0 | _aWar on Terrorism, 2001-2009. | |
| 651 | 0 |
_aUnited States _xArmed Forces _zAfghanistan _xHistory. |
|
| 651 | 0 |
_aUnited States _xArmed Forces _zIraq _xHistory. |
|
| 700 | 1 | _aLukeman, Noah. | |
| 856 | 4 | 1 |
_3Table of contents _uhttp://www.loc.gov/catdir/toc/ecip0420/2004016357.html |
| 906 |
_a7 _bcbc _corignew _d1 _eecip _f20 _gy-gencatlg |
||
| 942 |
_2ddc _cBK |
||
| 999 |
_c15117 _d15117 |
||